Malaysia Country Quiz - Part 2 - Statistics

General Stats
  • This quiz has been taken 365 times
    284 since last reset
  • The average score is 9 of 18
Answer Stats
Hint Answer % Correct
National Anthem Negaraku
86%
Tallest building (Once tallest in the world) Petronas Twin Towers
66%
Year of formation 1963
65%
Largest Indian group/language Tamil
63%
Time zone UTC +8
57%
Smallest state by area (not counting federal territories) Perlis
55%
First empire founded on Peninsular Malaysia and considered the first independent state of modern Malaysian history Malacca Sultanate
52%
Second European Empire that colonized Malay Peninsula Dutch Empire
49%
State with highest GDP (not counting federal territories) Selangor
49%
Second largest religion group Buddhism
47%
Largest chinese race (variety/language) Hokkien
47%
Top import destination country China
42%
Current governing party Pakatan Harapan
40%
Top visiting tourist origin country Singapore
39%
Seat of government (Federal territory) Putrajaya
37%
Top export destination country Singapore
37%
Longest mountain range (Known also as the backbone of Malay peninsula) Titiwangsa Mountains
36%
State with highest GDP per capita (not counting federal territories) Sarawak
34%
No matching quizzes found
Score Distribution
Percent of People with Each Score
Percentile by Number Answered
Your Score History
You have not taken this quiz since the last reset